Quiz - Les Frères Scott - Statistiques

Statistiques générales
  • Ce quiz a été pris 1 383 fois
    1 224 depuis la dernière actualisation
  • Le résultat moyen est 9 sur 15
Statistiques - réponses
Hint Réponse % Correct
Comment se prénomme le plus âgé des deux frères? Lucas
99%
Comment se prénomme le père des deux frères? Dan
98%
Dans quelle saison Keith se fait-il assassiner? 3
96%
Quel sport pratiquent les deux frères Scott? basketball
96%
Combien la série compte-t-elle de saisons? 9
90%
Dans quelle saison Quentin Fields se fait-il assasiné? 6
84%
Quel est le deuxième prénom de Lucas Scott? Eugène
65%
Comment s'appelle la collection de vêtements créée par Brooke Davis? Les copines d'abord
65%
Comment se prénomme la fille de Peyton et Lucas? Sawyer
65%
Quel est le nom de la mère de Lucas, Karen? Roe
55%
Comment se prénomme le lapin de Jamie Scott, fils de Haley et Nathan? Chester
37%
Quel numéro de maillot porte Quentin Fields? 44
30%
Dans quelle ville est réellement tourné les Frères Scott? Wilmington
24%
Comment se prénomme l'agresseur de Brooke Davis? Xavier
24%
Comment s'appelle le livre écrit par Lucas lorsqu'il est au lycée? Un noir vol de corbeaux
6%
Aucun quiz correspondant
Distribution des résultats
% des personnes avec chaque résultat
Percentile par nombre de réponses
Votre historique - résultats
Vous n’avez pas pris ce quiz depuis la dernière actualisation